| 000 | 00351nam a22001337a 4500 | ||
|---|---|---|---|
| 003 | SGT | ||
| 082 |
_a615 _bA11M |
||
| 100 | _a MINISTRY OF HEALTH & FAMILY WELFARE | ||
| 245 | _aTHE AYURVEDIC PHARMACOPIA OF INDIA-1 | ||
| 260 |
_aDELHI _b MINISTRY OF HEALTH & FAMILY WELFARE _c2011 |
||
| 300 | _a246 | ||
| 650 | _aAYURVEDA PHARMACOPIA | ||
| 942 |
_2ddc _cBK _03 |
||
| 999 |
_c8626 _d8626 |
||